00656nam a2200217Ia 4500008004000000020001800040041000800058082001800066100001900084245002500103260003700128300001100165650001000176650000800186650001100194650000800205690001500213906001100228999001900239952018000258210210b2012 xxu||||| |||| 00| 0 eng d a9788120339743 aeng a343.0998 NEEM aNEELAMALAR (M) aMedia law and ethics aNDbPHI Learning Pvt. Ltd.c2012 axi,224 aMedia alaw aethics aand aPress Laws a067900 c150915d150915 001040708JournalismaALbALcLawd2021-02-17ePrajwal Book Distributors, Bangalore-560061g250.00l3o343.0998 NEEMp067900r2024-09-27 00:00:00s2024-09-19w2021-02-17yBK